|
|
|
|
| LEADER |
00000cam a22000004a 4500 |
| 001 |
musev2_79965 |
| 003 |
MdBmJHUP |
| 005 |
20230905052229.0 |
| 006 |
m o d |
| 007 |
cr||||||||nn|n |
| 008 |
170911s2015 ilu o 00 0 eng d |
| 020 |
|
|
|a 9781447317111
|
| 020 |
|
|
|z 9781447317098
|
| 035 |
|
|
|a (OCoLC)925521991
|
| 040 |
|
|
|a MdBmJHUP
|c MdBmJHUP
|
| 100 |
1 |
|
|a Moss, Kate.
|4 aut
|0 (FrPBN)17149860
|
| 245 |
1 |
0 |
|a Women Rough Sleepers in Europe :
|b Homelessness and Victims of Domestic Abuse /
|c Kate Moss and Paramjit Singh.
|
| 264 |
|
1 |
|a Chicago :
|b Policy Press,
|c 2015.
|
| 264 |
|
3 |
|a Baltimore, Md. :
|b Project MUSE,
|c 2021
|
| 264 |
|
4 |
|c ©2015.
|
| 300 |
|
|
|a 1 online resource (224 pages):
|b illustrations ;
|
| 336 |
|
|
|a text
|b txt
|2 rdacontent
|
| 337 |
|
|
|a computer
|b c
|2 rdamedia
|
| 338 |
|
|
|a online resource
|b cr
|2 rdacarrier
|
| 588 |
|
|
|a Description based on print version record.
|
| 650 |
|
7 |
|0 (FrPBN)12346055
|a Centres d'hebergement pour femmes
|0 (FrPBN)11931301
|z Europe.
|2 ram
|
| 650 |
|
7 |
|0 (FrPBN)12065743
|a Femmes sans-abri
|0 (FrPBN)11931301
|z Europe
|0 (FrPBN)11965815
|x Conditions sociales.
|2 ram
|
| 650 |
|
7 |
|0 (FrPBN)11957078
|a Femmes victimes de violence
|0 (FrPBN)11931301
|z Europe
|0 (FrPBN)11965815
|x Conditions sociales.
|2 ram
|
| 655 |
|
7 |
|a Electronic books.
|2 local
|
| 700 |
1 |
|
|a Singh, Paramjit,
|d 1971- ...
|4 aut
|0 (FrPBN)17149875
|0 (isni)0000000463424281
|
| 710 |
2 |
|
|a Project Muse.
|e distributor
|
| 830 |
|
0 |
|a Book collections on Project MUSE.
|
| 856 |
4 |
0 |
|z Texto completo
|u https://projectmuse.uam.elogim.com/book/79965/
|
| 945 |
|
|
|a Project MUSE - Custom Collection
|